Vocales y consonantes : programas de apreciación musical /

Curso de apreciación musical. A través de una serie de fragmentos musicales de distintas épocas y culturas, se propone que el escucha aprecie y comprenda la música y sus elementos: ritmo, melodía, armonía, textura, forma, color.

محفوظ في:
التفاصيل البيبلوغرافية
المؤلف الرئيسي: Sánchez, Alfredo (autor)
التنسيق: سمعي
اللغة:الإسبانية
الموضوعات:
الوسوم: إضافة وسم
لا توجد وسوم, كن أول من يضع وسما على هذه التسجيلة!

MARC

LEADER 00000nim^a2200000^a^4500
001 000154603
005 20250521000000.0
009 20260310100401.321
037 |a Acervo ITESO - Biblioteca 
041 |a ESP 
082 |a 780. 12  |b SAN V. 1 
100 |a Sánchez, Alfredo  |e (autor) 
245 1 0 |a Vocales y consonantes :  |b programas de apreciación musical /  |c A. Sánchez. 
264 |a Guadalajara, México :  |b ITESO, Unidad de Producción Audiovisual y Multimedia,  |c 1998 
300 |a 1 disco compacto sonoro (sin dato de duración) (CD disponible) 
336 |a música interpretada  |b prm  |2 rdacontenido 
337 |a audio  |b s  |2 rdamedio 
338 |a disco sonoro  |b sd  |2 rdasoporte 
520 |a Curso de apreciación musical. A través de una serie de fragmentos musicales de distintas épocas y culturas, se propone que el escucha aprecie y comprenda la música y sus elementos: ritmo, melodía, armonía, textura, forma, color. 
649 |a XX 
650 |a Recepción y Apreciación de la Música 
650 |a Música -  |x Historia y Crítica 
650 |a Música -  |x Estudio y Enseñanza 
910 |a Fondo General 
920 |a Sonoros - CDs Abiertos 
940 |a CDs de Música 
905 |a 403 
901 |a 0500083877  |b IT2  |c CDS  |u 20250521 
901 |a 0500241732  |b IT2  |c CDS  |u 20250521 
901 |a 0500241723  |b IT2  |c CDS  |u 20250521 
901 |a 0500241735  |b IT2  |c CDS  |u 20250521 
901 |a 0500241738  |b IT2  |c CDS  |u 20250521 
902 |a https://opac.biblio.iteso.mx/vufind/Record/000154603